Statystyki dla Państwa Azji

Kliknij tutaj aby rozwiązać quiz!

Ogólne statystyki

  • Ten quiz został rozwiązany 7 razy
  • Średni wynik to 10 z 15

Statystyki odpowiedzi

Gdy skończysz wypisz kropki% Poprawnych
ArmeniaJaponiaMongoliaZEA
86%
IndieLaosTimor wschodni.
86%
BangladeszKambodżaPakistan.
71%
ChinyKirgistanSri lanka.
71%
EgiptKorea południowaSyria.
71%
GruzjaKuwejtTajlandia.
71%
AfganistanIranMalezjaUzbekistan
57%
Arabia saudyjskaIzraelMjanmaWietnam
57%
AzerbejdżanJemenNepal.
57%
BahrajnJordaniaOman.
57%
BhutanKatarRosja.
57%
BruneiKazachstanSingapur.
57%
FilipinyKorea północnaTadżykistan.
57%
IndonezjaLibanTurcja.
57%
IrakMalediwyTurkmenistan.
57%

Rozkład punktacji

Percentyl według liczby udzielonych odpowiedzi

Procent ludzi z każdym wynikiem

Twoja historia wyników

Nie rozwiązałeś tego quizu